<?xml version="1.0" encoding="UTF-8"?>
<record
    xmlns:xsi="http://www.w3.org/2001/XMLSchema-instance"
    xsi:schemaLocation="http://www.loc.gov/MARC21/slim http://www.loc.gov/standards/marcxml/schema/MARC21slim.xsd"
    xmlns="http://www.loc.gov/MARC21/slim">

  <leader>02086    a2200205   4500</leader>
  <controlfield tag="001">38993</controlfield>
  <controlfield tag="005">20260407155649.0</controlfield>
  <controlfield tag="008">260407a1973    arg                 spa d</controlfield>
  <controlfield tag="003">AR-UNSa-BCEJYS</controlfield>
  <datafield tag="040" ind1=" " ind2=" ">
    <subfield code="a">AR-UNSa-BCEJYS</subfield>
    <subfield code="b">spa</subfield>
    <subfield code="c">AR-UNSa-BCEJYS</subfield>
  </datafield>
  <datafield tag="080" ind1=" " ind2=" ">
    <subfield code="a">658.8</subfield>
    <subfield code="x">Organizaci&#xF3;n de mercados. Marketing. Ventas. Distribuci&#xF3;n</subfield>
  </datafield>
  <datafield tag="245" ind1="1" ind2="0">
    <subfield code="a">Mercadotecnia</subfield>
    <subfield code="p">un enfoque integrador</subfield>
  </datafield>
  <datafield tag="264" ind1=" " ind2="1">
    <subfield code="a">M&#xE9;xico :</subfield>
    <subfield code="b">Trillas</subfield>
    <subfield code="c">1973</subfield>
  </datafield>
  <datafield tag="300" ind1=" " ind2=" ">
    <subfield code="a">807 p.</subfield>
    <subfield code="c">23 cm.</subfield>
  </datafield>
  <datafield tag="505" ind1=" " ind2=" ">
    <subfield code="a">Parte I: Introducci&#xF3;n a la mercadotecnia contemporanea: 1. Introducci&#xF3;n a la mercadotecnia contemporanea - 2. Retos espec&#xED;ficos para la administraci&#xF3;n de mercadotecnia - 3. El mercado del consumidor - Parte II: El consumidor: 4. La mercadotecnia y la psicologia del consumidor - 5. Mec&#xE1;nica de la elecci&#xF3;n - Parte III: Instituciones de mercadotecnia: 6. Ventas al menudeo.Sus funciones y su crecimiento - 7. Posici&#xF3;n contemporanea y tendencias en las ventas al menuedeo - 8. Ventas al menudeo en peque&#xF1;a escala - 9. Ventas al menudeo en gran escala - 10. Mercadotecnia de los servicios - 11. Ventas al mayoreo e instituciones mayoristas - 12. Mercadotecnia industrial - 13. Perpectivas de mercadotecnia en la agricultura - 14. Constituci&#xF3;n y manejo de los canales de distribuci&#xF3;n - 15. El gobierno en la plaza del mercado - Parte IV: Ciencia y estrategia de la mercadotecnia: 16. La administraci&#xF3;n de mercadotecnia y las ciencias - 17. Medidias de la eficiencia en mercadotecnia - 18. Investigaci&#xF3;n mercadotecnia y de operaciones - Parte V: Operaciones funcionales en mercadotecnia : 19. Coordinaci&#xF3;n del producto con el mercado - 20. Los precios como mecanismos de ajuste - 21. Factores que inhiben los ajustes perfectos de precios - 23. Comunicaciones de mrcadotecnia - 25. Finanzas y riesgo - Parte VI. Aspectos internacionales de la mercadotecnia: 26. Mercadotecnia internacional - 27. La mercadotecnia coo factor del desarrollo econ&#xF3;mico - 28. La mercadotecnia en perspectiva</subfield>
  </datafield>
  <datafield tag="942" ind1=" " ind2=" ">
    <subfield code="c">BK</subfield>
  </datafield>
  <datafield tag="590" ind1=" " ind2=" ">
    <subfield code="a">niveau_biblio:m niveau_hierar:0</subfield>
  </datafield>
  <datafield tag="100" ind1="1" ind2=" ">
    <subfield code="a">Taylor, Weldon J.</subfield>
  </datafield>
  <datafield tag="700" ind1="1" ind2=" ">
    <subfield code="a">Shaw, Roy T., Jr.</subfield>
  </datafield>
  <datafield tag="999" ind1=" " ind2=" ">
    <subfield code="c">2937</subfield>
    <subfield code="d">2937</subfield>
  </datafield>
  <datafield tag="952" ind1=" " ind2=" ">
    <subfield code="0">0</subfield>
    <subfield code="1">0</subfield>
    <subfield code="4">0</subfield>
    <subfield code="7">0</subfield>
    <subfield code="a">BCEJYS</subfield>
    <subfield code="b">BCEJYS</subfield>
    <subfield code="c">16</subfield>
    <subfield code="d">2026-04-07</subfield>
    <subfield code="l">0</subfield>
    <subfield code="o">658.8 T236</subfield>
    <subfield code="p">L25132</subfield>
    <subfield code="r">2026-04-07 15:56:49</subfield>
    <subfield code="w">2026-04-07</subfield>
    <subfield code="y">L</subfield>
  </datafield>
</record>
